South Eastern Kenya University

Library Online Public Access Catalogue


Bee in the wind / (Record no. 10672)

MARC details
000 -LEADER
fixed length control field 00299cam a22001211 4500
050 00 - LIBRARY OF CONGRESS CALL NUMBER
Classification Number PS3509.V43
Item Number B4
100 1# - MAIN ENTRY--Author
Personal name Evans, Virginia Moran,
Dates associated with a name 1909-
245 10 - TITLE
Title Bee in the wind /
260 ## - PUBLICATION, DISTRIBUTION, ETC.(IMPRINT)
Place of publication, distribution, etc Francestown, N.H.,
Name of publisher, distributor, etc Golden Quill Press
Date of publication, distribution, etc [1965]
300 ## - PHYSICAL DESCRIPTION
Extent 96 p.
500 ## - GENERALNOTE
General note Poems.
942 ## - ADDED ENTRY ELEMENTS(KOHA)
Source of classification or shelving scheme Library of Congress Classification
Koha item type General circulation
Holdings
Source of classification or shelving scheme Not for loan Location (home branch) Sublocation (holding branch) Shelving location Date accessioned Cost, normal purchase price Full call number Barcode Cost, replacement price Nonpublic note Koha item type Public note
Library of Congress Classification   Mtito Andei Centre Library Mtito Andei Centre Library   09/02/2016 2295.00 PS3509.V43 B4 2015/008994 2524.00 Nzk General circulation Nzk
Kitui, Kenya.
+254736116989
library@seku.ac.ke